Online
Catalog

Ceremonias de mujeres / (Record no. 42432)

MARC details
000 -CABECERA
campo de control de longitud fija 00742nam a2200229 a 4500
001 - NÚMERO DE CONTROL
campo de control 000042943
005 - FECHA Y HORA DE LA ÚLTIMA TRANSACCIÓN
campo de control 20201002040521.0
008 - DATOS DE LONGITUD FIJA--INFORMACIÓN GENERAL
campo de control de longitud fija 140213s1986 sp 000 0 spa d
020 ## - NÚMERO INTERNACIONAL ESTÁNDAR DEL LIBRO
Número Internacional Estándar del Libro 8472233553
040 ## - FUENTE DE LA CATALOGACIÓN
Centro catalogador/agencia de origen DO-SdBNP
Lengua de catalogación spa
Centro/agencia transcriptor BNPHU
100 1# - ENTRADA PRINCIPAL--NOMBRE DE PERSONA
Nombre de persona Berg, Jeanne de
9 (RLIN) 70434
240 10 - TÍTULO UNIFORME
Título uniforme Cérémonies de Femmes
245 10 - MENCIÓN DE TÍTULO
Título Ceremonias de mujeres /
Mención de responsabilidad, etc. Jeanne de Berg; traducción, Encarna Castejón.
260 ## - PUBLICACIÓN, DISTRIBUCIÓN, ETC.
Lugar de publicación, distribución, etc. Barcelona, :
Nombre del editor, distribuidor, etc. Tusquets,
Fecha de publicación, distribución, etc. 1986.
300 ## - DESCRIPCIÓN FÍSICA
Extensión 163 p. ;
Dimensiones 20 cm.
490 1# - MENCIÓN DE SERIE
Mención de serie Erótica
490 1# - MENCIÓN DE SERIE
Mención de serie La sonrisa vertical
Designación de volumen o secuencia 52
500 ## - NOTA GENERAL
Nota general Incluye datos biografícos del autor en la solapa de la portada
700 1# - PUNTO DE ACCESO ADICIONAL--NOMBRE DE PERSONA
Nombre de persona Galmarini, Marco Aurelio
9 (RLIN) 46935
830 #0 - PUNTO DE ACCESO ADICIONAL DE SERIE-TÍTULO UNIFORME
Título uniforme Erótica
9 (RLIN) 70431
830 #0 - PUNTO DE ACCESO ADICIONAL DE SERIE-TÍTULO UNIFORME
Título uniforme La sonrisa vertical
Designación de volumen o secuencia 52
9 (RLIN) 19576
Holdings
Estado de retiro Estado de pérdida Restricciones de uso No para préstamo Código de colección Localización permanente Ubicación/localización actual Ubicación en estantería Fecha de adquisición Número de inventario Total de préstamos Signatura topográfica completa Código de barras Fecha visto por última vez Precio válido a partir de Tipo de ítem Koha
      Excluido de préstamo Monografías: Libros y Folletos General General En catalogación 13.02.2014 LF1   42943-10 25.06.2020 25.06.2020 No se presta

Powered by Koha